000 01965 a2200229 4500
001 59009
005 20260407155844.0
008 260407a1963 arg spa d
003 AR-UNSa-BCEJYS
040 _aAR-UNSa-BCEJYS
_bspa
_cAR-UNSa-BCEJYS
080 _a330.35
_xCrecimiento económico
245 1 0 _aPolítica fiscal y ciclo económico
250 _a3a. ed.
264 1 _aBuenos Aires :
_bFondo de Cultura Económica
_c1963
300 _a381 p.
_c22 cm.
505 _aParte I: Explicación de la década 1930-1939: 1. La década 1930-1939 y los ciclos económicos anteriores – 2. Inversión y consumo (1920-1939) – 3. La política monetaria durante la depresión – 4. La política fiscal en la recuperación – 5. La recuperación en Gran Bretaña – Parte II: El papel cambiante de la política fiscal: 6. Antigua y moderna política fiscal – 7. Carácter variable de los gastos públicos – 8. La estructura fiscal – 9. Desarrollo y papel de la deuda pública – 10. Teoría y práctica presupuestales – Parte III: Política fiscal y ocupación plena de los recursos: 11. El modulo cíclico del consumo y el ingreso – 12. Fomento monetario y política fiscal compensatoria – 13. Política fiscal compensatoria – 14. La economía dinámica frente a la de corriente circular – 15. Flexibilidad de los precios y ocupación plena de los recursos – Parte IV: Incentivos a la inversión pasado y presente: 16. Papel de las inversiones en la economía moderna – 17. Expansión extensiva e intensiva – 18. Primeros métodos de financiamiento – 19. El efecto de la estructura impositiva sobre la inversión – 20. La economía dual – Parte V: La economía de la postguerra: 21. Ocupación plena en la postguerra – 22. Consumo e ingreso nacional en la postguerra
942 _cBK
590 _aniveau_biblio:m niveau_hierar:0
100 1 _aHansen, Alvin H.
700 1 _aFernández Maza, Rafael
700 1 _aLara, Cristóbal
999 _c6562
_d6562